000 00898cam9a220025300 4500
001 lce00608377
008 711007m19681969nyua b 000 0 eng
010 _a 67024275 //r69
035 _a(Sirsi) r23697
035 _a(DLC) 67024275 //r69
035 _a(UPRA)lce00608377
040 _dUPRA
050 0 _aRC584
_b.M52
082 _a616.07
100 1 _aMiescher, Peter A.
_6A26420.1
245 1 0 _aTextbook of immunopathology /
_cedited by Peter A. Miescher and Hans J. Muller-Eberhard ; with 75 contributors.
260 _aNew York :
_bGrune & Stratton,
_c[1968-69]
504 _aIncludes bibliographies.
650 0 _aImmunopathology.
_6S18988.1
700 2 _aMuller-Eberhard, Hans J., 1927-
_dMuller-Eberhard, Hans J., 1927-
_6A85427.1
949 _aRC584
_vVOL. 1
_wLC
_i-23109
_mMEDICAL
_tBOOK
_lON-SHELF
949 _aRC584
_vVOL. 2
_wLC
_i-23110
_mMEDICAL
_tBOOK
_lON-SHELF
004 23697
999 _c54952
_d54952